000 00536nam a2200181Ia 4500
005 20250326140545.0
008 250326s9999 xx 000 0 und d
037 _aTextbook
040 _aFMSL
_beng
_cFMSL
041 _aeng
_2eng
084 _aYx N9
_qFMSL
100 _aGuha R
_9742561
245 0 _aInstitutions and inequalities:essays in honour of Ander Beteille
_cGuha R; Parry J
260 _aNew York
_bNew York, Oxford University Press
_c1999
300 _a302p
942 _cTB
_hYx N9
999 _c1286297
_d1286297